[Event "Bayern-chI Bank Hofmann 25th"]
[Site "Tegernsee"]
[Date "2022.11.12"]
[Round "8"]
[White "Schmidt, Justus"]
[Black "Womacka, Mathias"]
[Result "1/2-1/2"]
[WhiteElo "2188"]
[BlackElo "2413"]
[PlyCount "78"]
[EventDate "2022.11.05"]
[EventType "swiss"]
[EventRounds "9"]
[EventCountry "GER"]
[SourceTitle "CBM 211 Extra"]
[Source "ChessBase"]
[SourceDate "2023.01.31"]
[SourceVersion "1"]
[SourceVersionDate "2023.01.31"]
[SourceQuality "1"]

1. e4 c5 2. Nf3 d6 3. g3 e5 4. Bg2 Nc6 5. d3 g6 6. 0-0 Bg7 7. c3 Nge7 8. a3 0-0 9. b4 h6 10. Nbd2 Be6 11. Nb3 c4 12. dxc4 Bxc4 13. Re1 Qc7 14. Nfd2 Be6 15. a4 a5 16. b5 Nb8 17. Ba3 Rd8 18. c4 Nd7 19. Qe2 Nc8 20. Rec1 Nc5 21. Nxc5 dxc5 22. Nb3 b6 23. Nd2 Qe7 24. Nf1 Ra7 25. Ne3 Rad7 26. Rd1 Rxd1+ 27. Rxd1 Rxd1+ 28. Qxd1 Qd6 29. Qe2 h5 30. Bb2 Kh7 31. Bc3 Bh6 32. Nd5 Bxd5 33. cxd5 Qe7 34. Qb2 Bg7 35. h4 Nd6 36. Bf3 f6 37. Bg2 Bh6 38. Bf3 Qf7 39. Qe2 Qd7 1/2-1/2

[Event "GER-CupT 2122 Round2 (1)"]
[Site "Aue"]
[Date "2022.05.21"]
[Round "1.2"]
[White "Schmidt, Justus"]
[Black "Genov, Petar"]
[Result "1/2-1/2"]
[WhiteElo "2173"]
[BlackElo "2419"]
[PlyCount "78"]
[EventDate "2022.05.21"]
[EventType "team-k.o."]
[EventRounds "2"]
[EventCountry "GER"]
[SourceTitle "EXT 2023"]
[Source "ChessBase"]
[SourceDate "2022.10.05"]
[SourceVersion "1"]
[SourceVersionDate "2022.10.05"]
[SourceQuality "1"]
[WhiteTeam "Landau"]
[BlackTeam "Kirchweyhe"]
[WhiteTeamCountry "GER"]
[BlackTeamCountry "GER"]

1. e4 c5 2. Nf3 d6 3. g3 Nf6 4. d3 Nc6 5. Bg2 g6 6. 0-0 Bg7 7. Re1 0-0 8. c3 e5 9. a3 d5 10. Nbd2 d4 11. Nc4 Ne8 12. cxd4 cxd4 13. a4 Nd6 14. b3 Re8 15. Nfd2 Be6 16. f4 f6 17. Rf1 Rb8 18. f5 Bf7 19. fxg6 hxg6 20. Nxd6 Qxd6 21. Nc4 Qd8 22. Ra2 b6 23. Ba3 Bxc4 24. bxc4 Bh6 25. h4 Be3+ 26. Kh2 Kg7 27. Bh3 a5 28. Rb2 Rh8 29. Rb5 Ne7 30. Qg4 Ng8 31. Rd5 Qe8 32. Rd7+ Kh6 33. h5 Bg5 34. Bc1 Bxc1 35. Rxc1 Rh7 36. Rxh7+ Kxh7 37. hxg6+ Qxg6 38. Qd7+ Qg7 39. Bf5+ Kh8 1/2-1/2

[Event "GER-CupT 2122 prel8"]
[Site "Landau"]
[Date "2022.03.27"]
[Round "2.2"]
[White "Schmidt, Justus"]
[Black "Hallmann, Norbert"]
[Result "1/2-1/2"]
[WhiteElo "2154"]
[BlackElo "2096"]
[PlyCount "110"]
[EventDate "2022.03.26"]
[EventType "team-k.o."]
[EventRounds "2"]
[EventCountry "GER"]
[SourceTitle "EXT 2023"]
[Source "ChessBase"]
[SourceDate "2022.10.05"]
[SourceVersion "1"]
[SourceVersionDate "2022.10.05"]
[SourceQuality "1"]
[WhiteTeam "Landau"]
[BlackTeam "Neckartenzlingen"]
[WhiteTeamCountry "GER"]
[BlackTeamCountry "GER"]

1. e4 Nc6 2. Nc3 e5 3. Nf3 Nf6 4. g3 Be7 5. Bg2 d6 6. d3 Bg4 7. Be3 Qd7 8. h3 Bh5 9. Qd2 d5 10. exd5 Nxd5 11. g4 Nxc3 12. bxc3 Bg6 13. Rb1 Rb8 14. Qe2 e4 15. dxe4 Bxe4 16. Ne5 Qd5 17. Rb5 Bxg2 18. Rxd5 Bxd5 19. Nxc6 bxc6 20. 0-0 0-0 21. Bxa7 Ra8 22. Bd4 Bd6 23. c4 Rfe8 24. Qd3 Be4 25. Qc3 Ra3 26. Qe1 Re6 27. Be3 Bf3 28. c5 Bxc5 29. Bxc5 Rxe1 30. Rxe1 Ra8 31. a3 h5 32. gxh5 Ra5 33. Bb4 Rg5+ 34. Kf1 Rxh5 35. Re8+ Kh7 36. Re7 c5 37. Ba5 Rxh3 38. Ke1 Rh1+ 39. Kd2 Rd1+ 40. Kc3 Ra1 41. Bxc7 Rxa3+ 42. Kb2 Ra7 43. Rxf7 Bc6 44. Re7 Kg8 45. Bd6 Rxe7 46. Bxe7 c4 47. Kc3 Bd5 48. Kd4 Be6 49. Ke5 Kf7 50. Bf8 g6 51. c3 Bf5 52. Bc5 Bd3 53. f4 Be2 54. Be3 Bd3 55. Bc1 Be2 1/2-1/2

[Event "Oberliga Sued W 2122"]
[Site "Germany"]
[Date "2022.03.13"]
[Round "7.4"]
[White "Schmidt, Justus"]
[Black "Uhrig, Christian"]
[Result "1-0"]
[WhiteElo "2160"]
[BlackElo "2055"]
[PlyCount "77"]
[EventDate "2021.10.24"]
[EventType "team-tourn"]
[EventRounds "9"]
[EventCountry "GER"]
[SourceTitle "EXT 2023"]
[Source "ChessBase"]
[SourceDate "2022.10.05"]
[SourceVersion "1"]
[SourceVersionDate "2022.10.05"]
[SourceQuality "1"]
[WhiteTeam "Landau"]
[BlackTeam "Schwarzenbach"]
[WhiteTeamCountry "GER"]
[BlackTeamCountry "GER"]

1. e4 c5 2. Nf3 e6 3. d3 Nc6 4. g3 e5 5. Bg2 Nf6 6. 0-0 Be7 7. c3 0-0 8. Re1 d6 9. Na3 Re8 10. Nc4 b5 11. Ne3 Be6 12. Ng5 Rc8 13. Nxe6 fxe6 14. Qb3 Bf8 15. Qxb5 Nd7 16. Qb3 Qf6 17. Rf1 Rb8 18. Qd1 g5 19. Qh5 Be7 20. Bh3 Qf7 21. Qh6 Nf8 22. Bg4 Qf6 23. Qh3 Bd8 24. Bh5 Ng6 25. Bd1 Kh8 26. Ng4 Qg7 27. Ba4 Rc8 28. Qh5 Rg8 29. Kh1 Qf8 30. f3 Qe7 31. Be3 Nf8 32. f4 gxf4 33. gxf4 Qh4 34. Qxh4 Bxh4 35. Nh6 Rg7 36. f5 exf5 37. Nxf5 Rg4 38. h3 Bg5 39. hxg4 1-0

[Event "DSOL 01 Liga Gr-D 1st"]
[Site "Playchess.com INT"]
[Date "2020.06.26"]
[Round "1.1"]
[White "Schmidt, Justus"]
[Black "Jagodzinsky, Andreas"]
[Result "1-0"]
[WhiteElo "2206"]
[BlackElo "2102"]
[PlyCount "105"]
[EventDate "2020.06.22"]
[EventType "team-tourn (rapid)"]
[EventCountry "GER"]
[SourceTitle "EXT 2021"]
[Source "ChessBase"]
[SourceDate "2020.10.23"]
[SourceVersion "1"]
[SourceVersionDate "2020.10.23"]
[SourceQuality "1"]
[WhiteTeam "Landau"]
[BlackTeam "Hemer"]
[WhiteTeamCountry "GER"]
[BlackTeamCountry "GER"]

1. e4 e6 2. d3 d5 3. Nd2 Nf6 4. Ngf3 Be7 5. g3 a5 6. Bg2 a4 7. a3 c5 8. 0-0 Nc6 9. Re1 b5 10. exd5 exd5 11. c4 b4 12. axb4 Nxb4 13. Rxa4 Rxa4 14. Qxa4+ Bd7 15. Qb3 0-0 16. cxd5 Nfxd5 17. Ne4 Qa5 18. Bd2 Qa6 19. Nc3 Be6 20. Qc4 Qa7 21. Qe4 Nf6 22. Qe2 h6 23. Ne5 Rd8 24. Be3 Qa6 25. Rd1 Bb3 26. Rd2 Qe6 27. d4 Bd6 28. dxc5 Qxe5 29. cxd6 Rxd6 30. Rxd6 Qxd6 31. Qb5 Nd7 32. Be4 Bc2 33. Bf4 Qe7 34. Bxc2 Nxc2 35. Qd5 Nf6 36. Qe5 Qd7 37. b4 Nd4 38. Qe3 Ng4 39. Qd3 g5 40. h3 gxf4 41. hxg4 f3 42. Kf1 Qxg4 43. Ne4 Qh3+ 44. Ke1 Qh1+ 45. Kd2 Ne6 46. Nf6+ Kg7 47. Qc3 Qf1 48. Nd5+ Kg8 49. Qxf3 Qa1 50. Nf6+ Kh8 51. Qc3 Qa2+ 52. Ke3 Ng7 53. Qc8+ 1-0

[Event "Landesliga Nord 1920"]
[Site "Bayern"]
[Date "2020.01.19"]
[Round "5.2"]
[White "Schmidt, Justus"]
[Black "Barth, Norbert"]
[Result "1-0"]
[WhiteElo "2206"]
[BlackElo "2220"]
[PlyCount "57"]
[EventDate "2019.09.29"]
[EventType "team-tourn"]
[EventRounds "9"]
[EventCountry "GER"]
[SourceTitle "EXT 2021"]
[Source "ChessBase"]
[SourceDate "2020.10.23"]
[SourceVersion "1"]
[SourceVersionDate "2020.10.23"]
[SourceQuality "1"]
[WhiteTeam "Bamberg SC"]
[BlackTeam "Schwandorf"]
[WhiteTeamCountry "GER"]
[BlackTeamCountry "GER"]

1. Nf3 c5 2. e4 e6 3. d3 d5 4. Nbd2 Nc6 5. g3 Nf6 6. Bg2 Be7 7. 0-0 0-0 8. Re1 Qc7 9. e5 Nd7 10. Qe2 b5 11. Nf1 a5 12. Bf4 Ba6 13. h4 Rfc8 14. Ne3 Qd8 15. Ng5 Qe8 16. Qh5 h6 17. Nh3 Bf8 18. c3 Rab8 19. Qd1 Nb6 20. Ng4 b4 21. Bxh6 f5 22. exf6 gxh6 23. Nf4 Qf7 24. Rxe6 a4 25. a3 Bb7 26. Ne3 Rd8 27. Bh3 Kh8 28. Bf5 d4 29. Qg4 1-0

[Event "Bamberg op 1st"]
[Site "Bamberg"]
[Date "2018.05.10"]
[Round "3"]
[White "Schulz, Karsten"]
[Black "Schmidt, Justus"]
[Result "1/2-1/2"]
[WhiteElo "2246"]
[BlackElo "2136"]
[PlyCount "39"]
[EventDate "2018.05.09"]
[EventType "swiss"]
[EventRounds "7"]
[EventCountry "GER"]
[SourceTitle "CBM 184 Extra"]
[Source "ChessBase"]
[SourceDate "2018.06.28"]
[SourceVersion "1"]
[SourceVersionDate "2018.06.28"]
[SourceQuality "1"]

1. Nf3 d5 2. g3 Nf6 3. Bg2 Bf5 4. 0-0 e6 5. d3 c6 6. c4 h6 7. cxd5 exd5 8. Nc3 Bc5 9. Qc2 Nbd7 10. e4 dxe4 11. dxe4 Bh7 12. Re1 0-0 13. Be3 Re8 14. Nh4 Qe7 15. Rad1 Rad8 16. Nf5 Bxf5 17. exf5 Bxe3 18. Rxe3 Qc5 19. Rxe8+ Rxe8 20. h3 1/2-1/2

[Event "Pfalz-ch HT1 87th"]
[Site "Landau"]
[Date "2018.03.25"]
[Round "3"]
[White "Knerr, Sebastian"]
[Black "Schmidt, Justus"]
[Result "0-1"]
[WhiteElo "1700"]
[BlackElo "2139"]
[PlyCount "40"]
[EventDate "2018.03.23"]
[EventType "swiss"]
[EventRounds "7"]
[EventCountry "GER"]
[SourceTitle "EXT 2019"]
[Source "ChessBase"]
[SourceDate "2018.10.10"]
[SourceVersion "1"]
[SourceVersionDate "2018.10.10"]
[SourceQuality "1"]

1. e4 c5 2. c3 e6 3. d4 d5 4. exd5 Qxd5 5. Be3 cxd4 6. cxd4 Nf6 7. Nc3 Qd6 8. Nb5 Qd8 9. Rc1 Nc6 10. Bf4 Bb4+ 11. Ke2 Nd5 12. Bd2 Be7 13. Nf3 0-0 14. g3 Qb6 15. Qa4 Rd8 16. Bg2 Bd7 17. Na3 Ncb4 18. Qb3 Qa6+ 19. Nc4 Ba4 20. Qa3 Nxa2 0-1

[Event "Wasselonne op 19th"]
[Site "Wasselonne"]
[Date "2015.08.06"]
[Round "2"]
[White "Karpatchev, Aleksandr"]
[Black "Schmidt, Justus"]
[Result "1-0"]
[WhiteElo "2470"]
[BlackElo "2085"]
[PlyCount "39"]
[EventDate "2015.08.06"]
[EventType "swiss"]
[EventRounds "7"]
[EventCountry "FRA"]
[SourceTitle "EXT 2016"]
[Source "ChessBase"]
[SourceDate "2015.10.08"]
[SourceVersion "1"]
[SourceVersionDate "2015.10.08"]
[SourceQuality "1"]

1. e4 c5 2. c3 d5 3. exd5 Qxd5 4. Nf3 Nf6 5. Na3 e6 6. d4 Nc6 7. Be3 cxd4 8. Nb5 Qd8 9. Nbxd4 Be7 10. Bd3 0-0 11. Qc2 h6 12. 0-0-0 Qa5 13. Kb1 e5 14. Nb3 Qc7 15. h3 Be6 16. Bf5 Bd5 17. Nfd2 Na5 18. Ne4 Qc4 19. Nxf6+ Bxf6 20. Bd3 1-0

[Event "Zweibruecken PSB-ch MTB 82nd"]
[Site "Zweibruecken"]
[Date "2013.03.28"]
[Round "5"]
[White "Schluchter, Steffen"]
[Black "Schmidt, Justus"]
[Result "0-1"]
[WhiteElo "2173"]
[BlackElo "1875"]
[PlyCount "82"]
[EventDate "2013.??.??"]
[EventType "tourn"]
[EventRounds "9"]
[EventCountry "GER"]
[SourceTitle "EXT 2014"]
[Source "ChessBase"]
[SourceDate "2013.11.20"]
[SourceVersion "1"]
[SourceVersionDate "2013.11.20"]
[SourceQuality "1"]

1. c4 c6 2. Nf3 d5 3. b3 Bf5 4. Bb2 e6 5. g3 Nf6 6. Bg2 h6 7. 0-0 Be7 8. d3 0-0 9. Nbd2 Nbd7 10. Qc2 a5 11. a3 Bh7 12. Rac1 Qb8 13. Qb1 Re8 14. Qa1 Bd6 15. e4 dxe4 16. Nxe4 Nxe4 17. dxe4 e5 18. Rfe1 Nc5 19. Re3 Bxe4 20. Rce1 Bxf3 21. Bxf3 Qc7 22. Qb1 Nd7 23. Qf5 g6 24. Qh3 Bf8 25. Bg4 f5 26. Bxf5 gxf5 27. Qxf5 Bg7 28. f4 Nf8 29. fxe5 Qf7 30. Qg4 Qg6 31. Qe2 Ne6 32. Bc3 Nf4 33. Qb2 Rf8 34. e6 Nh3+ 35. Kh1 Bxc3 36. Qxc3 Rae8 37. e7 Rf7 38. Qe5 Nf2+ 39. Kg1 Nd3 40. Qxa5 Nxe1 41. Rxe1 Rfxe7 0-1